Statistics for Landlocked Countries 3 - Flag Quiz

Click here to take the quiz!

General Stats

  • This quiz has been taken 16 times
  • The average score is 13 of 15

Answer Stats

Answer% Correct
San Marino
93%
Slovakia
93%
Uganda
93%
Paraguay
87%
Serbia
87%
Switzerland
87%
Tajikistan
87%
Turkmenistan
87%
Uzbekistan
87%
Vatican City
87%
Zambia
87%
Eswatini
80%
Zimbabwe
80%
South Sudan
73%
Rwanda
60%

Score Distribution

Percentile by Number Answered

Percent of People with Each Score

Your Score History

You have not taken this quiz